00857 2200289 4500001002100000005001500021035002500036007000300061008004100064020002200105040001700127041000800144082001400152084001400166090001800180090002200198245008800220250001100308260005400319300004800373504002900421650003500450700002600485850001200511999002200523990002200545INLIS00000000003399220191014124240 a0010-021800000000718ta180222s2017 yoio g t 0 ind d a978-602-386-201-6 aYOPDYOGbind0 aind04223a371.8 a371.8 KRE aDEP 371.8 KRE aCB-D.11 2017-13121 aKreasi, inovasi, dan prestasi mahasiswa UGM 2016 /cpenyunting, Zaenuddin...[et.al] aCet. 23 aYogyakarta :bGadjah Mada University Press,c2017 aix, 362 halaman :bilustrasi, foto ;c22 cm aBibliografi: halaman 361 4aKegiatan Pelajar dan Mahasiswa0 aZaenuddinePenyunting aYOPDYOG aCB-D.11/2017-1312 aCB-D.11/2017-1312